Türkiye'de iş kazaları (Record no. 3669)

MARC details
000 -BAŞLIK
Sabit Uzunlukta Kontrol Alanı 00750na a2200265 4500
001 - KONTROL NUMARASI
Denetim Alanı 17729
003 - KONTROL NUMARASI IDENTIFIER
Denetim Alanı MIRAKIL
005 - SON İŞLEM TARİHİ VE ZAMANI
Denetim Alanı 20181213154939.0
008 - SABİT-BOY VERİ ELEMANLARI - GENEL BİLGİLER
Sabit Uzunlukta Kontrol Alanı 161103b tu 000 0
035 ## - SİSTEM KONTROL NUMARASI
Sistem Kontrol Numarası 17729
040 ## - KATALOGLAMA KAYNAK
Orijinal Kataloglama Ajansı Milas
Kataloglama Dili tur
Metne Dönüştürmek Ajansı TR-AnCHP
041 ## - DİL KODU
Metin / Ses Parça Veya Ayrı Başlığın Dil Kodu tur
082 ## - DEWEY ONLU SINIFLANDIRMA NUMARASI
Sınıflandırma Numarası 331.823
Ürün Numarası T96t 1976
090 ## - SINIFLAMA NUMARASI
Sınıflama Numarası 331.823 T96t 1976
100 ## - ANA GİRİŞ - KİŞİSEL İSİM
Kişisel Ad Türk, İbrahim
245 ## - BAŞLIK TABLOSU
Başlık Türkiye'de iş kazaları
Sorumluluk Tablosu, Vb İbrahim Türk
260 ## - YAYIN, DAĞITIM, VB
Yayın, Dağıtım, Vb Yeri [y.y.]
Yayıncı, Dağıtıcı, Vs Adı Türkiye Gıda İş Sendikası
Yayın, Dağıtım, Vb Tarihi 1976
300 ## - FİZİKSEL TANIM
Kapsam 477 s.
Boyutlar 21 sm.
490 ## - SERİSİ TABLOSU
Seri Beyanı Türkiye Gıda İş Sendikası
Hacim / Ardışık Tanımı 2
504 ## - KAYNAKÇA VB NOT
Kaynakça Vb Notu Kaynakça var.
650 ## - KONU KATMA GİRİŞ - TOPİKAL DÖNEM
Topikal Süreli Veya Coğrafi Ad Giriş Elemanı İş sağlığı
Genel Alt Bölümü Düzenlemeler
650 ## - KONU KATMA GİRİŞ - TOPİKAL DÖNEM
Topikal Süreli Veya Coğrafi Ad Giriş Elemanı İş güvenliği
Genel Alt Bölümü Yasalar
650 ## - KONU KATMA GİRİŞ - TOPİKAL DÖNEM
Topikal Süreli Veya Coğrafi Ad Giriş Elemanı Çalışma hayatı
Genel Alt Bölümü İş kazaları
942 ## - EKLENDİ GİRİŞ ELEMANLARI (KOHA)
Sınıflandırma Veya Raf Düzeni Kaynak
Koha Öğesi Türü Books
999 ## - SİSTEM KONTROL NUMARALARI (KOHA)
Koha Biblionumber 3669
Koha Biblioitemnumber 3669
Holdings
Kalıcı Konum Mevcut Konum Edinme Tarihi Edinim Kaynak Toplam Check-Out'Lar Tam Çağrı Numarası Barkod Tarih Son Görülme İtibaren Geçerli Fiyatlar Koha Öğesi Türü
CHP Kütüphanesi CHP Kütüphanesi 11/03/2016 Bağış   331.823 T96t 1976 008273 11/03/2016 11/03/2016 Books